00553nam a2200193Ii 450000100060000000300090000600800410001502000150005604000330007104100080010408200160011210000370012824500490016526400520021430000120026633600260027833700280030433800270033222737CO-ViMGA241108s9999||||xx |||||||||||||| ||und|| a9589798136 aCO-ViMGAbspaerdacCO-ViMGA0 aunk04a597.98 U73t1 aUribe Hurtado, Cristina, d1956-10aTeresita Crocodilus de viaje por el Amazonas 1aBeijing, China : Cristina Uribe Ediciones, 2020 avolumen atextbtxt2rdacontent aunmediatedbn2rdamedia avolumebnc2rdacarrier